Handbook of surgery / (Record no. 118390)

MARC details
000 -LEADER
fixed length control field 00599cam a2200205Ia 4500
008 - FIXED-LENGTH DATA ELEMENTS--GENERAL INFORMATION
fixed length control field
049 ## - LOCAL HOLDINGS (OCLC)
Holding library MAIN
090 ## - LOCALLY ASSIGNED LC-TYPE CALL NUMBER (OCLC); LOCAL CALL NUMBER (RLIN)
Classification number (OCLC) (R) ; Classification number, CALL (RLIN) (NR) REF RD37
Local cutter number (OCLC) ; Book number/undivided call number, CALL (RLIN) MEK
003 - CONTROL NUMBER IDENTIFIER
control field
005 - DATE AND TIME OF LATEST TRANSACTION
control field 20230120204153.0
040 ## - CATALOGING SOURCE
Transcribing agency NUST
100 ## - MAIN ENTRY--PERSONAL NAME
Personal name Mekie, Eric C.
245 00 - TITLE STATEMENT
Title Handbook of surgery /
Statement of responsibility, etc. by Eric C. Mekie with a foreword by John Fraser.
260 ## - PUBLICATION, DISTRIBUTION, ETC.
Place of publication, distribution, etc. Edingburgh :
Name of publisher, distributor, etc. E. S. Livingstone,
Date of publication, distribution, etc. 1936.
300 ## - PHYSICAL DESCRIPTION
Extent xii, 699 p. :
Other physical details ill. ;
Dimensions 19 cm.
500 ## - GENERAL NOTE
General note Includes index.
650 #2 - SUBJECT ADDED ENTRY--TOPICAL TERM
Topical term or geographic name entry element Surgery
General subdivision handbook.
907 ## - LOCAL DATA ELEMENT G, LDG (RLIN)
a .b10357269
b 27-04-15
c 27-04-15
942 ## - ADDED ENTRY ELEMENTS (KOHA)
Koha item type Ordinary Loan Books
Call number prefix REF RD37
Call number suffix MEK
Holdings
Date last seen Total Checkouts Full call number Barcode Cost, replacement price Price effective from Koha item type Lost status Source of classification or shelving scheme Damaged status Not for loan Collection Withdrawn status Home library Current library Shelving location Date acquired Cost, normal purchase price
01/20/2023   REF RD37 MEK 92004040248 80.00 01/20/2023 BOOKS   LCC     NFIC   MEDICAL MEDICAL GEN 01/20/2023 80.00